LEADER 00976nam0-2200301 --450 001 9910281658903321 005 20180807084012.0 010 $a978-88-8334-920-1 020 $aIT$b2013-2345 100 $a20180807d2013----kmuy0itay5050 ba 101 0 $aita 102 $aIT 105 $a 001yy 200 1 $aAttentato alla Sinagoga$eRoma, 9 ottobre 1982$eil conflitto israelo-palestinese e l'Italia$fArturo Marzano, Guri Schwarz 210 $aRoma$cViella$d2013 215 $a237 p.$cill.$d22 cm 225 1 $a<>storia. Temi$v30 610 0 $aSinagoga di Roma$aAttentati [da parte dei] Terroristi palestinesi$a1982 676 $a364.15230945632$v22$zita 700 1$aMarzano,$bArturo$f<1973->$0619638 701 1$aSchwarz,$bGuri$0473918 801 0$aIT$bUNINA$gREICAT$2UNIMARC 901 $aBK 912 $a9910281658903321 952 $aCOLLEZ. 2223 (30)$b1364/2018$fFSPBC 959 $aFSPBC 996 $aAttentato alla Sinagoga$91078021 997 $aUNINA LEADER 03028nam 22005055 450 001 9910254035403321 005 20200705102918.0 010 $a3-662-47977-X 024 7 $a10.1007/978-3-662-47977-3 035 $a(CKB)3710000000494113 035 $a(EBL)4068772 035 $a(SSID)ssj0001584175 035 $a(PQKBManifestationID)16263201 035 $a(PQKBTitleCode)TC0001584175 035 $a(PQKBWorkID)14866501 035 $a(PQKB)11140621 035 $a(DE-He213)978-3-662-47977-3 035 $a(MiAaPQ)EBC4068772 035 $a(PPN)190519495 035 $a(EXLCZ)993710000000494113 100 $a20151019d2016 u| 0 101 0 $aeng 135 $aur|n|---||||| 181 $ctxt 182 $cc 183 $acr 200 10$aPhotochemistry $ePast, Present and Future /$fby Angelo Albini 205 $a1st ed. 2016. 210 1$aBerlin, Heidelberg :$cSpringer Berlin Heidelberg :$cImprint: Springer,$d2016. 215 $a1 online resource (307 p.) 300 $aDescription based upon print version of record. 311 $a3-662-47976-1 320 $aIncludes bibliographical references at the end of each chapters and index. 327 $aEarly Times of Photochemistry -- The Framework of Photochemistry: The Laws -- The Framework of Photochemistry: State Diagram -- Some Paradigmatic Topics -- The Role of Photochemistry in Chemistry -- Photochemistry, a Powerful Science -- Of Excited States, Again -- Photochemical and Photocatalyzed Synthesis -- Medicinal and Diagnostic Applications -- Solar Energy Conversion -- Actuators -- Photochemistry and Green Chemistry. 330 $aThis anthological description of the history and applications of photochemistry provides photochemistry practitioners with complementary information about the field, currently not covered in existing textbooks and handbooks. Divided into two sections, the first part focuses on the historical development of the field, including light-matter interaction, the discovery of photochemical reactions and the development of modern photochemical mechanisms. This section provides useful background to the second part which outlines applications of photochemistry in the present day, such as in synthesis, green chemistry, diagnostics, medicine and nanotechnology. Furthermore, the author provides an outlook on promising areas for future developments. The broad scope of ?Photochemistry: Past, Present and Future? is also of interest to the wider chemical audience and it makes a pleasant read while not compromising on scientific rigor. 606 $aChemistry, Physical and theoretical 606 $aPhysical Chemistry$3https://scigraph.springernature.com/ontologies/product-market-codes/C21001 615 0$aChemistry, Physical and theoretical. 615 14$aPhysical Chemistry. 676 $a540 700 $aAlbini$b Angelo$4aut$4http://id.loc.gov/vocabulary/relators/aut$0867122 906 $aBOOK 912 $a9910254035403321 996 $aPhotochemistry$92504857 997 $aUNINA